El nuevo mapa de la conyuntura (Registro nro. 18212)
[ vista simple ]
| 000 -LEADER | |
|---|---|
| fixed length control field | 00355 a2200121 4500 |
| 001 - CONTROL NUMBER | |
| control field | ART_13066 |
| 005 - DATE AND TIME OF LATEST TRANSACTION | |
| control field | 20260410161735.0 |
| 008 - FIXED-LENGTH DATA ELEMENTS--GENERAL INFORMATION | |
| fixed length control field | 260409a |
| 100 1# - MAIN ENTRY--PERSONAL NAME | |
| Personal name | Lopez Murphy, Ricardo H. |
| 245 10 - TITLE STATEMENT | |
| Title | El nuevo mapa de la conyuntura |
| 700 1# - ADDED ENTRY--PERSONAL NAME | |
| Personal name | Castro, Jorge |
| 773 0# - HOST ITEM ENTRY | |
| Title | Ejecutivos de finanzas |
| Related parts | - Año 7, Nº 65 (may. 1990) |
| Record control number | REV2863 |
No hay ítems disponibles.